在水里自由练功 (Record no. 64765)

000 -LEADER
fixed length control field 00464nam a22001937a 4500
003 - CONTROL NUMBER IDENTIFIER
control field MPLRDC
005 - DATE AND TIME OF LATEST TRANSACTION
control field 20220104192541.0
008 - FIXED-LENGTH DATA ELEMENTS--GENERAL INFORMATION
fixed length control field 210129b ||||| |||| 00| 0 eng d
020 ## - INTERNATIONAL STANDARD BOOK NUMBER
International Standard Book Number 978-986-235-179-6
082 ## - DEWEY DECIMAL CLASSIFICATION NUMBER
Classification number 528.961 XGF
100 ## - MAIN ENTRY--PERSONAL NAME
Personal name 徐国峰
245 ## - TITLE STATEMENT
Title 在水里自由练功
Statement of responsibility, etc.
250 ## - EDITION STATEMENT
Edition statement 初版
260 ## - PUBLICATION, DISTRIBUTION, ETC.
Place of publication, distribution, etc. 台湾
Name of publisher, distributor, etc. 脸谱出版
Date of publication, distribution, etc. 2012
300 ## - PHYSICAL DESCRIPTION
Other physical details
490 ## - SERIES STATEMENT
Series statement 生活风格: FT1022
650 ## - SUBJECT ADDED ENTRY--TOPICAL TERM
Topical term or geographic name entry element 游泳
942 ## - ADDED ENTRY ELEMENTS (KOHA)
Koha item type Book
-- 528.961 XGF
Holdings
Withdrawn status Lost status Source of classification or shelving scheme Damaged status Not for loan Collection code Home library Current library Shelving location Date acquired Cost, normal purchase price Total Checkouts Full call number Barcode Date last seen Date last checked out Price effective from Koha item type Public note
            Malaysian Public Library, Research and Development Centre Malaysian Public Library, Research and Development Centre   28/07/2013 45.70   528.961 XGF 00058903 18/03/2021 13/07/2014 18/03/2021 Book mplrdc

© 2022. Malaysian Public Library, Research and Development Centre. All Right ReservedE-mailmplrdc@help.edu.my 

Powered by Koha